000 00670nam a2200205Ia 4500
001 20100
003 GE_BSU
008 181216s||||||||xx |||||||||||||| ||und||
040 _cGE_BSU
245 _aПсихологический журнал. Том 38, №1. 2017. Январь-Февраль
245 _cгл. ред.РАН А.Л.Журавлев и др.
260 _aМосква
260 _bНаука
260 _c2017
300 _a144стр. 29см.
653 _aПериодика
653 _aПсихологический журнал. Том 38, №1. 2017. Январь-Февраль
653 _aპერიოდიკა
942 _cCR
999 _c53063
_d53063